Microsoft Windows 2000 core requirements : exams 70-210, 70-215, 70-216, 70-217. (Record no. 102)

000 -LEADER
fixed length control field 02934cam a22004814a 4500
001 - CONTROL NUMBER
control field 13123864
003 - CONTROL NUMBER IDENTIFIER
control field Nust
005 - DATE AND TIME OF LATEST TRANSACTION
control field 20170105095819.0
008 - FIXED-LENGTH DATA ELEMENTS--GENERAL INFORMATION
fixed length control field 030314s2003 waua 001 0 eng d
010 ## - LIBRARY OF CONGRESS CONTROL NUMBER
LC control number 2003267118
020 ## - INTERNATIONAL STANDARD BOOK NUMBER
International Standard Book Number 0735617716 (set Core Requirements, 2nd edition)
020 ## - INTERNATIONAL STANDARD BOOK NUMBER
International Standard Book Number 1572319011 (Exam 70210)
020 ## - INTERNATIONAL STANDARD BOOK NUMBER
International Standard Book Number 1572319038 (Exam 70215)
020 ## - INTERNATIONAL STANDARD BOOK NUMBER
International Standard Book Number 0735617724 (Exam 70216)
020 ## - INTERNATIONAL STANDARD BOOK NUMBER
International Standard Book Number 0735617597 (Exam 70217)
035 ## - SYSTEM CONTROL NUMBER
System control number (OCoLC)ocm50908008
040 ## - CATALOGING SOURCE
Original cataloging agency IAC
Transcribing agency IAC
Modifying agency DLC
042 ## - AUTHENTICATION CODE
Authentication code lccopycat
050 00 - LIBRARY OF CONGRESS CALL NUMBER
Classification number QA76.3
Item number .M533 2003
245 00 - TITLE STATEMENT
Title Microsoft Windows 2000 core requirements : exams 70-210, 70-215, 70-216, 70-217.
246 13 - VARYING FORM OF TITLE
Title proper/short title MCSE self-paced training kit
250 ## - EDITION STATEMENT
Edition statement 2nd ed.
260 ## - PUBLICATION, DISTRIBUTION, ETC.
Place of publication, distribution, etc. Redmond, WA :
Name of publisher, distributor, etc. Microsoft,
Date of publication, distribution, etc. c2003.
300 ## - PHYSICAL DESCRIPTION
Extent 4 v. in container :
Other physical details ill. ;
Dimensions 23 cm. +
Accompanying material 2 CD-ROM (4 3/4 in.).
500 ## - GENERAL NOTE
General note Title from container, issued in container.
500 ## - GENERAL NOTE
General note Individual vols. published separately.
500 ## - GENERAL NOTE
General note To complete the exercises for Windows 2000 server and Windows 2000 Network Infrastructure Administration, you need two computers, each equipped with a network card, internal modems and the minimum configuration listed above. Running the evaluation copy of Windows 2000 Server requires 256MB RAM.
505 0# - FORMATTED CONTENTS NOTE
Formatted contents note Vol. [1]. Exam 70-210. Microsoft Windows 2000 professional -- v. [2]. Exam 70-215. Microsoft Windows 2000 server -- v. [3]. Exam 70-216. Microsoft Windows 2000 network infrastructure administration -- v. [4]. Exam 70-217. Microsoft Windows 2000 Active Directory Services -- Supplemental course materials [CD-ROM] -- Microsoft Windows 2000 Server evaluation edition (120-day limit on use).
538 ## - SYSTEM DETAILS NOTE
System details note System requirements for accompanying computer discs: 133-MHz or higher Pentium-compatible processor ; Microsoft Windows 95, 98, Millennium Edition (Me), 2000 Professional, XP, or Microsoft Windows NT 4 with SP3 or later ; Microsoft Internet Explorer 5.1 or later browser software ; 128MB RAM minimum ; 256 MB RAM recommended ; 2-GB hard disk with a minimum of 1 GB of free space ; SuperVGA monitor ; 256-color display card recommended ; 8x CD-ROM drive or DVD-ROM drive ; Microsoft Mouse or compatible pointing device.
630 00 - SUBJECT ADDED ENTRY--UNIFORM TITLE
Uniform title Microsoft Windows (Computer file)
630 00 - SUBJECT ADDED ENTRY--UNIFORM TITLE
Uniform title Microsoft Windows server.
650 #0 - SUBJECT ADDED ENTRY--TOPICAL TERM
Topical term or geographic name entry element Electronic data processing personnel
General subdivision Certification.
650 #0 - SUBJECT ADDED ENTRY--TOPICAL TERM
Topical term or geographic name entry element Microsoft software
General subdivision Examinations
Form subdivision Study guides.
710 2# - ADDED ENTRY--CORPORATE NAME
Corporate name or jurisdiction name as entry element Microsoft Corporation.
740 02 - ADDED ENTRY--UNCONTROLLED RELATED/ANALYTICAL TITLE
Uncontrolled related/analytical title Microsoft Windows 2000 professional.
740 02 - ADDED ENTRY--UNCONTROLLED RELATED/ANALYTICAL TITLE
Uncontrolled related/analytical title Microsoft Windows 2000 server.
740 02 - ADDED ENTRY--UNCONTROLLED RELATED/ANALYTICAL TITLE
Uncontrolled related/analytical title Microsoft Windows 2000 network infrastructure administration.
740 02 - ADDED ENTRY--UNCONTROLLED RELATED/ANALYTICAL TITLE
Uncontrolled related/analytical title Microsoft Windows 2000 Active directory services.
740 02 - ADDED ENTRY--UNCONTROLLED RELATED/ANALYTICAL TITLE
Uncontrolled related/analytical title MCSA/MCSE self-paced training kit.
906 ## - LOCAL DATA ELEMENT F, LDF (RLIN)
a 7
b cbc
c copycat
d 2
e ncip
f 20
g y-gencatlg
942 ## - ADDED ENTRY ELEMENTS (KOHA)
Source of classification or shelving scheme
Koha item type Book
Holdings
Withdrawn status Lost status Source of classification or shelving scheme Damaged status Not for loan Permanent Location Current Location Date acquired Total Checkouts Full call number Barcode Date last seen Price effective from Koha item type
          Institute of Environmental Science and Engineering (IESE) Institute of Environmental Science and Engineering (IESE) 12/08/2016   005.713769 IESE-709 12/08/2016 12/08/2016 Book
© 2023 Central Library, National University of Sciences and Technology. All Rights Reserved.